000
00325nam a2200109Ia 4500
008
171211s9999 xx 000 0 und d
245
_a
Animals and Society: An Introduction to Human-Animal Studies
245
_c
Margo DeMello
260
_c
2012
650
_x
ANIMALS
856
_u
http://down.ebook777.com/057/9780231152945.pdf
999
_c
348417
_d
348417